Muqaddimat sharḥ abyāt Sībawayh

محفوظ في:

المؤلف الرئيسي: Sīrāfī, al-Ḥasan ibn ʻAbd Allāh, ca. 893-ca. 979.

مؤلفون آخرون: Hāshim, Muḥammad al-Rayḥ.

التنسيق: كتاب

اللغة: Undetermined

منشور في: al-Qāhirah Maktabat al-Kullīyāt al-Az'harīyah : Dār al-Fikr 1975.

الموضوعات:

الوسوم: إضافة وسم

لا توجد وسوم, كن أول من يضع وسما على هذه التسجيلة!

رقم الطلب: PJ6101 .S53 S53 1975

LEADER 00685nam a2200181Ia 4500
008 231106s9999||||xx |||||||||||||| ||und||
050 4 |a PJ6101 .S53 S53 1975 
100 1 |a Sīrāfī, al-Ḥasan ibn ʻAbd Allāh, ca. 893-ca. 979.  
245 1 0 |a Muqaddimat sharḥ abyāt Sībawayh  
246 1 3 |a Sharḥ abyāt Sībawayh. 
264 1 |a al-Qāhirah   |b Maktabat al-Kullīyāt al-Az'harīyah : Dār al-Fikr  |c 1975.  
300 |a 148 p.   |c 25 cm. 
504 |a Includes bibliographical references. 
650 4 |a Arabic poetry -- History and criticism.  
650 4 |a Sībawayh, ʻAmr ibn ʻUthmān, 8th cent Kitāb.  
700 1 |a Hāshim, Muḥammad al-Rayḥ.  
942 |2 lcc  |c BK 
999 |c 54993  |d 54993